Trotsky en el espejo de la historia : (Record no. 200414)

MARC details
000 -CABECERA
campo de control de longitud fija 00701nam a2200229 a 4500
005 - FECHA Y HORA DE LA ÚLTIMA TRANSACCIÓN
campo de control 20240911064801.0
008 - ELEMENTOS DE LONGITUD FIJA--INFORMACIÓN GENERAL
campo de control de longitud fija 181213s2017 mx r 000 0 spa d
020 ## - NÚMERO INTERNACIONAL NORMALIZADO PARA LIBROS
Número Internacional Estándar del Libro 9786077364498
035 ## - NÚMERO DE CONTROL DEL SISTEMA
Número de control de sistema UPN01000228319
049 ## - COLECCIÓN
Colección CG
050 #4 - SIGNATURA TOPOGRÁFICA DE LA BIBLIOTECA DEL CONGRESO
Número de clasificación DK254 T6
Número de documento/Ítem G3.8
100 1# - ASIENTO PRINCIPAL--NOMBRE PERSONAL
Nombre de persona García Higueras, Gabriel,
Fechas asociadas al nombre 1966-
9 (RLIN) 42422
245 10 - MENCIÓN DE TÍTULO
Título Trotsky en el espejo de la historia :
Resto del título ensayos /
Mención de responsabilidad, etc. Gabriel García Higueras ; pról. Esteban Volkov.
260 ## - PUBLICACIÓN, DISTRIBUCIÓN, ETC.
Lugar de publicación, distribución, etc. México :
Nombre del editor, distribuidor, etc. Fontamara,
Fecha de publicación, distribución, etc. 2017.
300 ## - DESCRIPCIÓN FÍSICA
Extensión 420 p.
440 #0 - MENCIÓN DE SERIE/ASIENTO SECUNDARIO--TÍTULO
Título Argumentos ;
Designación de volumen o secuencia 430
600 14 - ASIENTO SECUNDARIO DE MATERIA - NOMBRE PERSONAL
Nombre de persona TROTSKY, LEON,
Fechas asociadas al nombre 1879-1940
9 (RLIN) 7024
650 #4 - ASIENTO SECUNDARIO DE MATERIA - TERMINO TEMATICO
Término de materia o nombre geográfico como elemento de entrada REVOLUCIONARIOS -
Subdivisión de forma BIOGRAFIA
9 (RLIN) 4570
650 #4 - ASIENTO SECUNDARIO DE MATERIA - TERMINO TEMATICO
Término de materia o nombre geográfico como elemento de entrada Comunismo
9 (RLIN) 6792
905 ## - TIPO DE MATERIAL
Tipo de material Libro
Holdings
Estado de retiro Estado de pérdida Fuente del sistema de clasificación o colocación Estado dañado No para préstamo Código de colección Localización permanente Ubicación/localización actual Ubicación en estantería Total de préstamos Clasificación Código de barras Fecha visto por última vez Número de copia Tipo de ítem Koha
    Library of Congress Classification     Colección General Bib. Gregorio Torres Quintero Bib. Gregorio Torres Quintero Planta baja   DK254 T6 G3.8 328221 31/12/2020 1 Libro
    Library of Congress Classification     Colección General Bib. Gregorio Torres Quintero Bib. Gregorio Torres Quintero Planta baja   DK254 T6 G3.8 328220 31/12/2020 1 Libro